[Event "SG Niederkassel 1 - SV Letmathe 1"]
[Site "NRW-Klasse, Gruppe 1 2014/201"]
[Date "2014.10.05"]
[Round "2.5"]
[White "Haude, Ruediger"]
[Black "Guelsen, Taylan"]
[Result "1-0"]
[WhiteElo "2010"]
[BlackElo "1972"]
[PlyCount "101"]
[EventDate "2014.??.??"]
[WhiteTeam "SV Letmathe 1"]
[BlackTeam "SG Niederkassel 1"]

1. d4 d5 2. Nf3 e6 3. g3 c6 4. Bg2 f5 5. c4 Nf6 6. O-O Be7 7. Nc3 O-O 8. Qb3
Nbd7 9. Re1 Qe8 10. Ng5 Bd8 11. Bf4 h6 12. Nf3 Ne4 13. cxd5 exd5 14. Ne5 Ndf6
15. f3 Nxc3 16. bxc3 Kh7 17. Nd3 b6 18. Qc2 Kg8 19. Nf2 Qd7 20. Bh3 g5 21. Be5
Qh7 22. c4 Bd7 23. Qb3 Qf7 24. cxd5 cxd5 25. Qd3 Qh7 26. Rac1 h5 27. Bg2 Rc8
28. Nh3 Qh6 29. Rxc8 Bxc8 30. Qa3 a5 31. Qc1 Be7 32. Nxg5 Nd7 33. Bf4 Qf6 34.
Rd1 Ba6 35. e4 fxe4 36. fxe4 Rc8 37. Qe3 dxe4 38. Qxe4 Bc4 39. Bh3 Rd8 40. Qh7+
Kf8 41. Qxh5 Kg8 42. Qh7+ Kf8 43. Ne4 Qf7 44. Qh8+ Qg8 45. Qh6+ Ke8 46. Re1 Kf7
47. Ng5+ Ke8 48. Bd6 Ne5 49. Bxe7 Rxd4 50. Bc5 Qxg5 51. Qxg5 1-0

[Event "SG Niederkassel 1 - SV Letmathe 1"]
[Site "NRW-Klasse, Gruppe 1 2014/201"]
[Date "2014.10.05"]
[Round "2.6"]
[White "Freundlieb, Thomas"]
[Black "Pfleger, Sascha"]
[Result "0-1"]
[WhiteElo "2049"]
[BlackElo "1937"]
[Annotator "Hausrath,Daniel"]
[PlyCount "65"]
[EventDate "2014.??.??"]
[WhiteTeam "SG Niederkassel 1"]
[BlackTeam "SV Letmathe 1"]

1. d4 Nf6 2. Bf4 c5 3. d5 e6 4. Nc3 Qa5 5. Bd2 Be7 6. e4 Qd8 7. Bd3 d6 8. h3
Na6 9. Nf3 O-O 10. dxe6 Bxe6 11. Ng5 Nb4 12. Nxe6 Nxd3+ 13. cxd3 fxe6 14. O-O
Qd7 15. f4 b5 16. Qb3 b4 17. Ne2 d5 18. e5 c4 19. dxc4 dxc4 20. Qxc4 Rfc8 21.
Qb3 Qxd2 22. Qxe6+ Kh8 23. Qxe7 Nd5 24. Qf7 Ne3 25. Rf2 Nd1 26. Rxd1 Qxd1+ 27.
Kh2 Qe1 28. Kg3 Rc2 29. Qh5 Qb1 30. f5 Qxb2 31. f6 g6 32. Qh6 Qxe5+ 33. Rf4 {ZÜ
} 0-1

[Event "SG Niederkassel 1 - SV Letmathe 1"]
[Site "NRW-Klasse, Gruppe 1 2014/201"]
[Date "2014.10.05"]
[Round "2.7"]
[White "Oswald, Hans-Joachim"]
[Black "Schracke, Guido"]
[Result "1-0"]
[WhiteElo "2170"]
[BlackElo "2073"]
[PlyCount "103"]
[EventDate "2014.??.??"]
[WhiteTeam "SV Letmathe 1"]
[BlackTeam "SG Niederkassel 1"]

1. Nf3 c5 2. c4 Nc6 3. g3 g6 4. Bg2 Bg7 5. O-O d6 6. Nc3 e5 7. d3 Nge7 8. a3
O-O 9. Rb1 f5 10. Nd5 Nxd5 11. cxd5 Ne7 12. b4 cxb4 13. Rxb4 h6 14. Nd2 Rb8 15.
Qb3 b6 16. Nc4 Ba6 17. Ra4 Bxc4 18. Rxc4 Qd7 19. Bd2 Rfc8 20. Rfc1 Rxc4 21.
Rxc4 Rc8 22. a4 Kf8 23. e4 Ke8 24. h4 Kd8 25. Bh3 Rxc4 26. Qxc4 Qc8 27. Qb3 Bf8
28. Kg2 Qc7 29. a5 Kc8 30. axb6 axb6 31. Be3 Kb7 32. Qa4 Qd8 33. Qb5 Bg7 34.
Kh2 Ka7 35. Qb3 Kb7 36. Qb4 Qc7 37. Qd2 h5 38. Bg5 fxe4 39. dxe4 Ng8 40. Bf1
Nf6 41. f3 Nd7 42. Bb5 Nb8 43. Be3 Bf8 44. Kg2 Be7 45. Be8 Bd8 46. Bxg6 Qg7 47.
Bxh5 Bxh4 48. Bg4 Bd8 49. Qd3 Bc7 50. Bf5 Bd8 51. Qb5 Bc7 52. Qe8 1-0

[Event "SG Niederkassel 1 - SV Letmathe 1"]
[Site "NRW-Klasse, Gruppe 1 2014/201"]
[Date "2014.10.05"]
[Round "2.8"]
[White "Kneutgen, Alexander"]
[Black "Hunold, Rolf"]
[Result "1/2-1/2"]
[WhiteElo "1987"]
[BlackElo "1954"]
[PlyCount "147"]
[EventDate "2014.??.??"]
[WhiteTeam "SG Niederkassel 1"]
[BlackTeam "SV Letmathe 1"]

1. e4 c5 2. Nc3 e6 3. g3 b6 4. Bg2 Bb7 5. Nge2 d6 6. O-O Nf6 7. d4 cxd4 8. Nxd4
Nbd7 9. Bg5 a6 10. Re1 Qc7 11. Bxf6 Nxf6 12. e5 dxe5 13. Bxb7 Qxb7 14. Qf3 Qxf3
15. Nxf3 Bb4 16. Nxe5 Bxc3 17. bxc3 Rc8 18. c4 Nd7 19. Rab1 Nxe5 20. Rxe5 Rxc4
21. Rxb6 O-O 22. Rxa6 Rxc2 23. Rb5 h5 24. Rb7 h4 25. gxh4 Rc4 26. Raa7 Rxh4 27.
a4 Rf4 28. a5 Rc8 29. Rc7 Rxc7 30. Rxc7 Ra4 31. Rc5 Kf8 32. Kg2 Ke7 33. Kg3 f5
34. h4 Kf6 35. f4 Ra3+ 36. Kg2 Kg6 37. Re5 Kh5 38. Rxe6 Rxa5 39. Re5 Ra2+ 40.
Kg3 Ra3+ 41. Kg2 Kg4 42. Re7 Rg3+ 43. Kf2 Kxf4 44. Ra7 Rg4 45. Ra4+ Ke5 46.
Ra5+ Kf6 47. Ra6+ Kf7 48. Ra5 Kg6 49. h5+ Kg5 50. h6 gxh6 51. Ra8 h5 52. Kf3
Rf4+ 53. Kg2 Rb4 54. Kf3 Rb3+ 55. Kg2 h4 56. Rg8+ Kf4 57. Ra8 Re3 58. Ra4+ Kg5
59. Ra8 Rd3 60. Rg8+ Kf4 61. Ra8 h3+ 62. Kh2 Re3 63. Ra4+ Kg5 64. Ra8 Kg4 65.
Rg8+ Kf4 66. Ra8 Kf3 67. Kxh3 Kf2+ 68. Kh2 f4 69. Rf8 f3 70. Rf7 Re8 71. Kh3
Re4 72. Ra7 Kf1 73. Kg3 f2 74. Kf3 1/2-1/2

[Event "Elberfelder SG 1 - SG Niederkassel 1"]
[Site "NRW-Klasse, Gruppe 1 2014/201"]
[Date "2014.11.16"]
[Round "3.1"]
[White "Stanetzek, Carsten"]
[Black "Odendahl, Reiner"]
[Result "1/2-1/2"]
[WhiteElo "2193"]
[BlackElo "2273"]
[PlyCount "62"]
[EventDate "2014.??.??"]
[WhiteTeam "SG Niederkassel 1"]
[BlackTeam "Elberfelder SG 1"]

1. e4 d6 2. d4 Nf6 3. Nc3 Nbd7 4. Nf3 e5 5. Be2 Be7 6. O-O O-O 7. Re1 c6 8. a4
b6 9. Bf1 a6 10. Na2 Bb7 11. c4 exd4 12. Nxd4 g6 13. Nc3 Re8 14. Bh6 Bf8 15.
Bxf8 Nxf8 16. Qd3 Qe7 17. Nc2 Rad8 18. a5 b5 19. cxb5 cxb5 20. Nd5 Nxd5 21.
exd5 Qf6 22. b4 Nd7 23. Rac1 Rxe1 24. Rxe1 Rc8 25. Ne3 Qc3 26. Qxc3 Rxc3 27.
Rd1 Kf8 28. g3 h5 29. h4 Nf6 30. Rd4 Ke7 31. Bh3 Bc8 1/2-1/2

[Event "Elberfelder SG 1 - SG Niederkassel 1"]
[Site "NRW-Klasse, Gruppe 1 2014/201"]
[Date "2014.11.16"]
[Round "3.2"]
[White "Hintze, Helge"]
[Black "Mende, Andreas"]
[Result "1-0"]
[WhiteElo "2218"]
[BlackElo "2138"]
[PlyCount "133"]
[EventDate "2014.??.??"]
[WhiteTeam "Elberfelder SG 1"]
[BlackTeam "SG Niederkassel 1"]

1. Nf3 Nf6 2. c4 c5 3. Nc3 d5 4. cxd5 Nxd5 5. g3 Nc6 6. Bg2 e5 7. d3 Be7 8. Bd2
Be6 9. Nxd5 Bxd5 10. O-O O-O 11. Bc3 f6 12. a4 b6 13. Nd2 Bxg2 14. Kxg2 Qd5+
15. f3 Nd4 16. Nc4 Rad8 17. e4 Qf7 18. Ne3 Nb3 19. Rb1 Nd4 20. Bxd4 Rxd4 21.
Qc2 Rfd8 22. Rfd1 Bf8 23. Ra1 g6 24. Nd5 Kh8 25. Ra3 f5 26. Rc3 Bd6 27. Rc4 Rf8
28. Rxd4 exd4 29. Rf1 fxe4 30. dxe4 Be5 31. b3 Bg7 32. Qc4 g5 33. a5 Qb7 34.
axb6 axb6 35. Qb5 Rb8 36. Ra1 g4 37. f4 Qf7 38. Qc6 d3 39. Ra8 Rxa8 40. Qxa8+
Bf8 41. Kf2 Kg8 42. Ke3 Qg7 43. e5 d2 44. Kxd2 Qd7 45. Kc3 Kg7 46. Kd2 b5 47.
Ke2 c4 48. bxc4 bxc4 49. Qa5 Kh8 50. Ke3 Qb7 51. Kd4 Qb2+ 52. Qc3 Qxh2 53. Kxc4
Qe2+ 54. Kd4 Qf2+ 55. Qe3 Qb2+ 56. Nc3 Qb6+ 57. Kd3 Bc5 58. Qe4 h5 59. e6 Qa6+
60. Kc2 Qa7 61. Qe5+ Kg8 62. Qxh5 Qh7+ 63. Qxh7+ Kxh7 64. f5 Kg7 65. Ne4 Bd4
66. Kd3 Be5 67. Kc4 1-0

[Event "Elberfelder SG 1 - SG Niederkassel 1"]
[Site "NRW-Klasse, Gruppe 1 2014/201"]
[Date "2014.11.16"]
[Round "3.3"]
[White "Rybarczyk, Klaus"]
[Black "Kurr, Gerd"]
[Result "0-1"]
[WhiteElo "2161"]
[BlackElo "2190"]
[PlyCount "88"]
[EventDate "2014.??.??"]
[WhiteTeam "SG Niederkassel 1"]
[BlackTeam "Elberfelder SG 1"]

1. Nf3 d5 2. d4 Nf6 3. c4 e6 4. g3 Be7 5. Bg2 O-O 6. O-O Nbd7 7. Nbd2 c6 8. Qc2
b6 9. e4 Bb7 10. cxd5 cxd5 11. e5 Rc8 12. Qa4 Bc6 13. Qb3 Ne8 14. Ne1 Nc7 15.
f4 a5 16. g4 Bb5 17. Rf3 Be2 18. Re3 Bxg4 19. Bh3 Bh5 20. Ng2 b5 21. f5 Bg5 22.
Rg3 exf5 23. Nf3 Bxc1 24. Rxc1 Bxf3 25. Rxf3 Ne6 26. Rd1 Rc4 27. Bxf5 Qb6 28.
Bxe6 fxe6 29. Rxf8+ Nxf8 30. Qe3 Ng6 31. b3 Rc8 32. Qg5 Rf8 33. Qe3 h6 34. Rc1
b4 35. h3 Qa6 36. Kh2 a4 37. Rc7 axb3 38. axb3 Qa2 39. Qg3 Kh7 40. h4 Rf5 41.
Rc1 Qd2 42. Rg1 Rh5 43. Kh1 Qxd4 44. Nf4 Rxh4+ 0-1

[Event "Elberfelder SG 1 - SG Niederkassel 1"]
[Site "NRW-Klasse, Gruppe 1 2014/201"]
[Date "2014.11.16"]
[Round "3.4"]
[White "Noetzel, Frank"]
[Black "Bussard, Christian"]
[Result "1-0"]
[WhiteElo "2165"]
[BlackElo "2111"]
[PlyCount "109"]
[EventDate "2014.??.??"]
[WhiteTeam "Elberfelder SG 1"]
[BlackTeam "SG Niederkassel 1"]

1. e4 e5 2. Nf3 d6 3. d4 exd4 4. Nxd4 Nf6 5. Nc3 Be7 6. g3 O-O 7. Bg2 c6 8. O-O
Re8 9. h3 Bf8 10. a4 Qa5 11. g4 g6 12. Nb3 Qc7 13. a5 Nbd7 14. Bf4 Ne5 15. Bc1
Nc4 16. Qd4 Ne5 17. f4 Ned7 18. Be3 Bg7 19. Qd3 Nf8 20. Rfd1 d5 21. exd5 Nxd5
22. Nxd5 cxd5 23. c3 Ne6 24. Rf1 Qe7 25. Rae1 Nc7 26. Bf2 Qd8 27. Rxe8+ Qxe8
28. Bd4 Bf8 29. f5 Bd7 30. Qg3 Nb5 31. Be5 Bc6 32. Nd4 Nxd4 33. Bxd4 Qd7 34.
Qe5 f6 35. Qxf6 Bg7 36. Qxg7+ Qxg7 37. Bxg7 Kxg7 38. fxg6 hxg6 39. Rd1 Rd8 40.
Kf2 Kf6 41. h4 Ke5 42. Kg3 Be8 43. Re1+ Kf6 44. Kf4 d4 45. g5+ Kf7 46. Bxb7 d3
47. Ke3 Bb5 48. Be4 Kg7 49. Kd2 Rh8 50. Bxd3 Rd8 51. Re3 Rd7 52. b3 Kf7 53. c4
Bc6 54. Kc3 Rd8 55. Bxg6+ 1-0

[Event "Elberfelder SG 1 - SG Niederkassel 1"]
[Site "NRW-Klasse, Gruppe 1 2014/201"]
[Date "2014.11.16"]
[Round "3.5"]
[White "Broehl, Stephan"]
[Black "Kesseler, Heiko"]
[Result "0-1"]
[WhiteElo "2132"]
[BlackElo "1990"]
[PlyCount "94"]
[EventDate "2014.??.??"]
[WhiteTeam "SG Niederkassel 1"]
[BlackTeam "Elberfelder SG 1"]

1. e4 c5 2. Nf3 e6 3. d4 cxd4 4. Nxd4 Nf6 5. Nc3 Nc6 6. Be2 Qc7 7. O-O a6 8.
Be3 Bb4 9. Nxc6 Qxc6 10. e5 Bxc3 11. bxc3 Nd5 12. c4 Nc3 13. Qd3 Nxe2+ 14. Qxe2
Qe4 15. f4 b5 16. Qf2 Bb7 17. Bc5 Rc8 18. Rae1 Qxg2+ 19. Qxg2 Bxg2 20. Kxg2
Rxc5 21. cxb5 Rxc2+ 22. Rf2 Rxf2+ 23. Kxf2 axb5 24. Rb1 Ke7 25. Rxb5 Ra8 26.
Rb2 Ra3 27. Rd2 h5 28. Kg2 f6 29. Kg1 fxe5 30. fxe5 g5 31. Rg2 g4 32. Re2 Rf3
33. a4 Ra3 34. Re4 Ra2 35. h3 gxh3 36. Rh4 h2+ 37. Kh1 Kd8 38. Rxh5 Kc7 39. Rh4
Rd2 40. Rb4 Kc6 41. a5 Ra2 42. Rb6+ Kc7 43. Rb5 Kc8 44. Rc5+ Kb7 45. Rb5+ Ka7
46. Rc5 Ka6 47. Rc8 Rxa5 0-1

[Event "Elberfelder SG 1 - SG Niederkassel 1"]
[Site "NRW-Klasse, Gruppe 1 2014/201"]
[Date "2014.11.16"]
[Round "3.6"]
[White "Kuehne, Marco"]
[Black "Schienmann, Bruno"]
[Result "0-1"]
[WhiteElo "2006"]
[BlackElo "2204"]
[PlyCount "62"]
[EventDate "2014.??.??"]
[WhiteTeam "Elberfelder SG 1"]
[BlackTeam "SG Niederkassel 1"]

1. d4 e6 2. Nf3 Nf6 3. Bg5 Be7 4. Nbd2 d6 5. e4 Nbd7 6. c3 e5 7. h3 h6 8. Be3
c6 9. Be2 Qc7 10. Qc2 b6 11. O-O g5 12. dxe5 dxe5 13. Nh2 Nc5 14. Ng4 Ne6 15.
Nc4 Nxg4 16. hxg4 b5 17. Nd2 Nf4 18. Bxf4 exf4 19. a4 Rb8 20. axb5 cxb5 21. Nb3
h5 22. gxh5 g4 23. Nd4 Rxh5 24. e5 f3 25. Bxf3 gxf3 26. Nxf3 Qb6 27. Qd2 Qg6
28. Rfd1 Qh7 29. Kf1 Be6 30. Ng1 Bc4+ 31. Ke1 Rxe5+ 0-1

[Event "Elberfelder SG 1 - SG Niederkassel 1"]
[Site "NRW-Klasse, Gruppe 1 2014/201"]
[Date "2014.11.16"]
[Round "3.8"]
[White "Fuchs, Thomas"]
[Black "Konzen, Horst"]
[Result "1-0"]
[WhiteElo "1958"]
[BlackElo "1894"]
[PlyCount "67"]
[EventDate "2014.??.??"]
[WhiteTeam "Elberfelder SG 1"]
[BlackTeam "SG Niederkassel 1"]

1. d4 Nf6 2. Bf4 g6 3. e3 Bg7 4. h3 d6 5. Nf3 O-O 6. Be2 b6 7. O-O Bb7 8. c4 c5
9. Nc3 cxd4 10. exd4 d5 11. b3 dxc4 12. bxc4 Nc6 13. d5 Na5 14. Nb5 Ne8 15. Rc1
Nd6 16. Nfd4 a6 17. Nxd6 exd6 18. Be3 Re8 19. Nb3 b5 20. cxb5 axb5 21. Bxb5 Re5
22. Bc6 Nxc6 23. dxc6 Ba6 24. c7 Qe8 25. Qxd6 Bb7 26. Qb6 Rb5 27. Qd6 Rd5 28.
Qb4 Rb5 29. Qc4 Bc8 30. Rfd1 Bf6 31. Rd8 Bxd8 32. cxd8=Q Qxd8 33. Qxb5 Rxa2 34.
Qb8 1-0

[Event "SK Münster 2 - SG Ennepe-Ruhr-Süd 1"]
[Site "NRW-Klasse, Gruppe 1 2014/201"]
[Date "2014.11.16"]
[Round "3.1"]
[White "Lupor, Stefan"]
[Black "Emunds, Hans Georg"]
[Result "1/2-1/2"]
[WhiteElo "2219"]
[BlackElo "2128"]
[PlyCount "161"]
[EventDate "2014.??.??"]
[WhiteTeam "SG Ennepe-Ruhr-Süd 1"]
[BlackTeam "SK Münster 2"]

1. e4 c5 2. Nf3 Nc6 3. Bb5 g6 4. Bxc6 dxc6 5. d3 Bg4 6. h3 Bxf3 7. Qxf3 Bg7 8.
O-O e6 9. Nd2 Ne7 10. Nc4 O-O 11. Rb1 Nc8 12. Be3 b6 13. Bf4 f6 14. Rfd1 e5 15.
Be3 Nd6 16. c3 Nxc4 17. dxc4 Qe7 18. Rd3 Rad8 19. Rbd1 Rxd3 20. Rxd3 Rd8 21.
Qd1 Rxd3 22. Qxd3 Bf8 23. Qd1 Kf7 24. Qa4 Qd7 25. Qc2 h5 26. a4 Qe6 27. Qd3 Qd6
28. Qe2 Qd7 29. Bd2 a6 30. Be3 Be7 31. Qc2 Qe6 32. b3 Qd7 33. Kf1 Bf8 34. Ke2
Be7 35. Qa2 Qe6 36. Qc2 Bf8 37. Kd1 Qd7+ 38. Kc1 Be7 39. Qe2 Qe6 40. Kb2 Bd6
41. g4 hxg4 42. hxg4 Be7 43. f3 Bf8 44. Kc2 Kg8 45. Qd2 Qd6 46. Qf2 b5 47. axb5
axb5 48. Qe2 Qd7 49. cxb5 cxb5 50. c4 Qa7 51. Bc1 b4 52. Qd3 Qc7 53. Qd5+ Kg7
54. Bb2 g5 55. Bc1 Bd6 56. Qe6 Qe7 57. Qf5 Qd8 58. Be3 Be7 59. Qe6 Bd6 60. Qd5
Qe7 61. Qc6 Kh7 62. Kd1 Kg7 63. Ke2 Kh7 64. Kf1 Kg7 65. Kg2 Kh7 66. Bc1 Kg7 67.
Bb2 Kh7 68. Qd5 Kg7 69. Qc6 Kh7 70. Qc8 Kg7 71. Qf5 Kh6 72. f4 gxf4 73. Bc1 Kg7
74. Bd2 Kh6 75. Be1 Bc7 76. Qc8 Kg7 77. Bf2 Bd6 78. Kf3 Bc7 79. Ke2 Qd6 80. Bg1
Qe7 81. Bf2 1/2-1/2

[Event "SK Münster 2 - SG Ennepe-Ruhr-Süd 1"]
[Site "NRW-Klasse, Gruppe 1 2014/201"]
[Date "2014.11.16"]
[Round "3.3"]
[White "Tripolsky, Eugen"]
[Black "Virnyi, Julius"]
[Result "1/2-1/2"]
[WhiteElo "2220"]
[BlackElo "2043"]
[PlyCount "117"]
[EventDate "2014.??.??"]
[WhiteTeam "SG Ennepe-Ruhr-Süd 1"]
[BlackTeam "SK Münster 2"]

1. e4 c5 2. Nf3 d6 3. d4 cxd4 4. Qxd4 Nc6 5. Bb5 Bd7 6. Bxc6 Bxc6 7. Nc3 Nf6 8.
Bg5 e6 9. O-O-O Be7 10. Rhe1 O-O 11. Kb1 Qa5 12. Qd2 Kh8 13. Nd4 Rfd8 14. f3
Be8 15. g4 Rab8 16. h4 b5 17. Qh2 b4 18. Nce2 Rb6 19. Nb3 Qb5 20. Be3 Rbb8 21.
Ned4 Qc4 22. g5 Ng8 23. h5 Rdc8 24. f4 Ra8 25. f5 e5 26. f6 gxf6 27. Nf5 Qxe4
28. Nxe7 Nxe7 29. gxf6 Nf5 30. Bh6 Qh4 31. Bg7+ Kg8 32. Qd2 Nxg7 33. Rg1 Qxf6
34. h6 Bb5 35. Rxg7+ Kh8 36. Qxb4 Bc4 37. Rxd6 Be6 38. Rg1 Rxc2 39. Rgd1 Rcc8
40. Qe1 Qf5+ 41. Ka1 Qg5 42. Qh1 Rab8 43. Na5 Qf4 44. Nc6 Qc4 45. Rxe6 Qxe6 46.
Nxb8 Rxb8 47. Qg1 Qxh6 48. Qxa7 Rc8 49. a3 Rc1+ 50. Rxc1 Qxc1+ 51. Ka2 Qc4+ 52.
Ka1 e4 53. Qb8+ Kg7 54. Qg3+ Kf8 55. Qe5 Qc1+ 56. Ka2 Qc4+ 57. Ka1 Qc1+ 58. Ka2
Qc4+ 59. Ka1 1/2-1/2

[Event "SK Münster 2 - SG Ennepe-Ruhr-Süd 1"]
[Site "NRW-Klasse, Gruppe 1 2014/201"]
[Date "2014.11.16"]
[Round "3.4"]
[White "Kubo, Thomas"]
[Black "Arndt, Stefan"]
[Result "1/2-1/2"]
[WhiteElo "2002"]
[BlackElo "2137"]
[PlyCount "124"]
[EventDate "2014.??.??"]
[WhiteTeam "SK Münster 2"]
[BlackTeam "SG Ennepe-Ruhr-Süd 1"]

1. Nf3 g6 2. g3 Bg7 3. Bg2 c5 4. O-O Nc6 5. d3 d6 6. Re1 e5 7. c4 Nge7 8. Nc3
h6 9. a3 Be6 10. Rb1 a5 11. Nd2 O-O 12. Nf1 d5 13. cxd5 Nxd5 14. Ne3 Nde7 15.
Bd2 Rc8 16. Ne4 Nd4 17. Nc4 b5 18. Bxa5 bxc4 19. Bxd8 Rfxd8 20. Nc3 cxd3 21.
Qxd3 c4 22. Qd1 Nb3 23. Qc2 Rd2 24. Qe4 Bf5 25. Qb7 Rd7 26. Qb5 Nd4 27. Qa4
Rcc7 28. e4 Bg4 29. h3 Nf3+ 30. Bxf3 Bxf3 31. Re3 Rd3 32. Rbe1 f5 33. exf5 Kh7
34. fxg6+ Nxg6 35. h4 e4 36. Nxe4 Bxb2 37. Rxd3 cxd3 38. Nd2 Be2 39. Qe4 Re7
40. Qb4 Bf6 41. a4 Rc7 42. Qb6 Be5 43. f4 Nxf4 44. gxf4 Bxf4 45. Kf2 Rf7 46.
Qe6 Bh5 47. Ne4 d2 48. Rg1 Bh2+ 49. Ke3 Bxg1+ 50. Kxd2 Ra7 51. Nf6+ Kg6 52.
Qe8+ Kxf6 53. Qxh5 Rxa4 54. Qxh6+ Kf7 55. h5 Rg4 56. Qh7+ Kf6 57. Qh6+ Kf5 58.
Qf8+ Kg5 59. h6 Bd4 60. h7 Rh4 61. Qg8+ Kf5 62. Kd3 Bf6 1/2-1/2

[Event "SK Münster 2 - SG Ennepe-Ruhr-Süd 1"]
[Site "NRW-Klasse, Gruppe 1 2014/201"]
[Date "2014.11.16"]
[Round "3.5"]
[White "Bruchmann, Norbert"]
[Black "Neuer, Thomas"]
[Result "1-0"]
[WhiteElo "2094"]
[BlackElo "2043"]
[Annotator "Hausrath,Daniel"]
[PlyCount "177"]
[EventDate "2014.??.??"]
[WhiteTeam "SG Ennepe-Ruhr-Süd 1"]
[BlackTeam "SK Münster 2"]

1. e4 e6 2. d4 d5 3. Nc3 Nf6 4. e5 Nfd7 5. Nf3 c5 6. Bg5 Qb6 7. dxc5 Bxc5 8.
Qd2 Nc6 9. O-O-O Bb4 10. a3 Bxc3 11. Qxc3 Qc5 12. Qxc5 Nxc5 13. h4 a6 14. c4
dxc4 15. Bxc4 h6 16. Be3 Nd7 17. Bf4 b5 18. Bd3 Bb7 19. Bc2 O-O-O 20. Rhe1 Nb6
21. Be3 Nd7 22. Bd2 Nb6 23. Be4 Nd4 24. Bxb7+ Kxb7 25. Nxd4 Rxd4 26. g3 Rc8+
27. Bc3 Rdc4 28. Kb1 Nd5 29. Ba5 Rc2 30. Rd2 Rxd2 31. Bxd2 h5 32. f3 g6 33. b3
Kb6 34. Kb2 a5 35. g4 Rh8 36. gxh5 Rxh5 37. Bg5 Rh8 38. Rc1 Re8 39. Rc2 Rh8 40.
Rc1 Re8 $11 41. Rc2 Kb7 42. Bd2 Ra8 43. a4 Kb6 44. Be1 bxa4 45. bxa4 Rb8 46.
Ka3 Ra8 47. Bf2+ Kb7 48. Rc5 Nc7 49. Kb3 Rd8 50. Kc4 Rd2 51. Be1 Rc2+ 52. Kd4
Ra2 53. Rc4 Nd5 54. Bxa5 Rf2 55. Kc5 Rxf3 56. Bd8 Rf1 57. Rc2 Kc8 58. Bg5 Kd7
59. Ra2 Kc7 60. a5 Kb7 61. a6+ Ka7 62. Kd6 Rb1 63. Kd7 Re1 64. Kd6 Rf1 65. Kd7
Re1 66. Ke8 Rxe5 67. Kxf7 Nf4 68. Bxf4 Rf5+ 69. Kxg6 Rxf4 70. h5 Rg4+ 71. Kh7
e5 72. h6 e4 73. Ra4 Rg1 74. Rxe4 Kxa6 75. Re6+ Kb5 76. Rg6 Rc1 77. Rg5+ Kb6
78. Kg6 Rc6+ 79. Kh5 Rc7 80. Rg7 Rc5+ 81. Kg4 Rc4+ 82. Kf3 Rc3+ 83. Ke4 Rc4+
84. Kd5 Rc5+ 85. Kd4 Rh5 86. h7 Rh1 87. Kd5 Rh5+ 88. Ke6 Rh1 89. Kf7 1-0

[Event "SK Münster 2 - SG Ennepe-Ruhr-Süd 1"]
[Site "NRW-Klasse, Gruppe 1 2014/201"]
[Date "2014.11.16"]
[Round "3.6"]
[White "Quante, Lennart"]
[Black "Osswald, Luis Monty"]
[Result "1-0"]
[WhiteElo "2016"]
[BlackElo "1985"]
[PlyCount "77"]
[EventDate "2014.??.??"]
[WhiteTeam "SK Münster 2"]
[BlackTeam "SG Ennepe-Ruhr-Süd 1"]

1. d4 Nf6 2. c4 e6 3. Nc3 c5 4. d5 exd5 5. cxd5 d6 6. Nf3 g6 7. h3 Bg7 8. Bf4
O-O 9. e4 a6 10. Bd3 b5 11. O-O Re8 12. Nd2 Qc7 13. Rc1 Nbd7 14. a4 b4 15. Ne2
Nh5 16. Bh2 Bxb2 17. Nc4 Be5 18. Nxe5 Nxe5 19. f4 Nxd3 20. Qxd3 a5 21. Qf3 Ba6
22. Rf2 f6 23. f5 Qe7 24. fxg6 hxg6 25. Nf4 Nxf4 26. Qxf4 c4 27. Qxf6 Qxf6 28.
Rxf6 Kg7 29. Rxd6 Rxe4 30. Rf1 c3 31. Rd7+ Kg8 32. Rc1 Rc8 33. Bc7 Bd3 34. Bxa5
c2 35. Rb7 Rcc4 36. d6 Red4 37. d7 b3 38. d8=Q+ Rxd8 39. Bxd8 1-0

[Event "SK Münster 2 - SG Ennepe-Ruhr-Süd 1"]
[Site "NRW-Klasse, Gruppe 1 2014/201"]
[Date "2014.11.16"]
[Round "3.7"]
[White "Heller, Achim"]
[Black "Holtel, Jasper"]
[Result "1-0"]
[WhiteElo "1940"]
[BlackElo "2003"]
[PlyCount "49"]
[EventDate "2014.??.??"]
[WhiteTeam "SG Ennepe-Ruhr-Süd 1"]
[BlackTeam "SK Münster 2"]

1. d4 Nf6 2. c4 g6 3. Nc3 d5 4. cxd5 Nxd5 5. e4 Nxc3 6. bxc3 Bg7 7. Bc4 c5 8.
Ne2 Nc6 9. Be3 O-O 10. O-O Qc7 11. Rc1 b6 12. Qd2 e5 13. dxc5 bxc5 14. Rfd1 Rd8
15. Bd5 Bf8 16. Bg5 Rd7 17. Rb1 Ba6 18. Qe3 Rb8 19. Ng3 Na5 20. Nh5 Nc4 21.
Nf6+ Kg7 22. Qh3 h5 23. Nxd7 Rxb1 24. Rxb1 f5 25. Bf6+ 1-0

[Event "SK Münster 2 - SG Ennepe-Ruhr-Süd 1"]
[Site "NRW-Klasse, Gruppe 1 2014/201"]
[Date "2014.11.16"]
[Round "3.8"]
[White "Niermann, Rainer"]
[Black "Schaefer, Martin"]
[Result "0-1"]
[WhiteElo "2015"]
[BlackElo "1866"]
[PlyCount "58"]
[EventDate "2014.??.??"]
[WhiteTeam "SK Münster 2"]
[BlackTeam "SG Ennepe-Ruhr-Süd 1"]

1. e4 c5 2. Nc3 a6 3. g3 b5 4. Bg2 Bb7 5. d3 e6 6. Nf3 d6 7. O-O Be7 8. Qe2 Nf6
9. b3 O-O 10. Bb2 Nbd7 11. Rfe1 Rc8 12. a4 Qb6 13. axb5 axb5 14. Nd1 Ra8 15.
Ne3 Rxa1 16. Rxa1 Ra8 17. Qe1 Ra6 18. h4 h6 19. g4 Nh7 20. Bc3 Bf6 21. Bxf6
Ndxf6 22. Qc3 Qa7 23. Rxa6 Qxa6 24. g5 hxg5 25. hxg5 Nd7 26. Bh3 Nhf8 27. Nh4
b4 28. Qc4 Qa1+ 29. Kg2 Ba6 0-1

[Event "SV Letmathe 1 - LSV Turm Lippstadt 1"]
[Site "NRW-Klasse, Gruppe 1 2014/201"]
[Date "2014.11.16"]
[Round "3.1"]
[White "Wehmeier, Stefan"]
[Black "Podzielny, Karl-Heinz"]
[Result "1-0"]
[WhiteElo "2407"]
[BlackElo "2442"]
[PlyCount "143"]
[EventDate "2014.??.??"]
[WhiteTeam "LSV Turm Lippstadt 1"]
[BlackTeam "SV Letmathe 1"]

1. e4 c5 2. Nf3 e6 3. d4 cxd4 4. Nxd4 a6 5. Nc3 Qc7 6. g3 Bb4 7. Nde2 Nf6 8.
Bg2 Nc6 9. Bf4 d6 10. O-O Ne5 11. Bd2 Bc5 12. Na4 Ba7 13. Bb4 Bb8 14. c4 Nfd7
15. b3 Nc6 16. Bc3 b5 17. Nb2 e5 18. Qd2 O-O 19. a4 b4 20. Bxb4 Nxb4 21. Qxb4
Ba7 22. Qd2 Nc5 23. Ra3 Rb8 24. b4 Ne6 25. Nc3 Nd4 26. Nd5 Qd8 27. a5 f5 28.
exf5 Bxf5 29. Kh1 Rc8 30. f4 Bg6 31. Rc3 Ne6 32. fxe5 Rxf1+ 33. Bxf1 Ng5 34.
Nb6 Bxb6 35. axb6 Qxb6 36. Bg2 Qxb4 37. exd6 Ne4 38. Bxe4 Bxe4+ 39. Kg1 Qc5+
40. Qe3 Qf5 41. Nd3 Rf8 42. Nf2 Bc6 43. Rc1 Re8 44. Qf4 Qe6 45. Rf1 Rf8 46. Qd4
Qe2 47. Qc3 h6 48. d7 Bxd7 49. Qd3 Qe7 50. Ne4 Rxf1+ 51. Kxf1 Bc6 52. Nc3 Qf6+
53. Ke1 a5 54. Nd5 Qe5+ 55. Kd2 Kh8 56. Kc2 Bd7 57. Kb3 a4+ 58. Ka2 Bf5 59. Qe3
Qd6 60. Qe8+ Kh7 61. Qxa4 Qc5 62. Qb4 Qa7+ 63. Qa3 Qd4 64. Qc3 Qf2+ 65. Qb2
Qa7+ 66. Kb3 Qb8+ 67. Nb4 Be6 68. Qd4 Qa8 69. Nd5 Qb7+ 70. Kc3 Kh8 71. Qe4 Bf7
72. Nf6 1-0

[Event "SV Letmathe 1 - LSV Turm Lippstadt 1"]
[Site "NRW-Klasse, Gruppe 1 2014/201"]
[Date "2014.11.16"]
[Round "3.2"]
[White "Adamski, Jan"]
[Black "Wagner, Alexej"]
[Result "1/2-1/2"]
[WhiteElo "2276"]
[BlackElo "2193"]
[PlyCount "87"]
[EventDate "2014.??.??"]
[WhiteTeam "SV Letmathe 1"]
[BlackTeam "LSV Turm Lippstadt 1"]

1. Nf3 d5 2. c4 e6 3. g3 Nf6 4. Bg2 Be7 5. d4 O-O 6. Qc2 dxc4 7. Nbd2 c5 8.
dxc5 Bxc5 9. Nxc4 Bb4+ 10. Bd2 Bxd2+ 11. Qxd2 Nc6 12. Rd1 Qxd2+ 13. Rxd2 Rd8
14. Nfe5 Bd7 15. Nxd7 Rxd7 16. Rxd7 Nxd7 17. Bxc6 bxc6 18. Kd2 Kf8 19. Rc1 Ke7
20. Na5 c5 21. b3 Kd6 22. Nb7+ Kd5 23. f3 Rb8 24. Na5 Rb5 25. e4+ Kd6 26. Nc4+
Kc6 27. Kc3 Kc7 28. Rd1 Rb8 29. Nd6 f6 30. Nc4 Nb6 31. Nxb6 axb6 32. Kc4 Kc6
33. a4 g5 34. Rd2 Rf8 35. Rd3 h5 36. Rd2 e5 37. h3 Re8 38. Rd5 h4 39. g4 Ra8
40. Rd2 Kc7 41. Rd3 Kc6 42. Rd1 Kc7 43. Kc3 Kc6 44. Kc4 1/2-1/2